<The> Practical contribution of information systems in times of globalization
Salvato in:
| Autore principale: | |
|---|---|
| Altri autori: | |
| Natura: | Capitolo di libro |
| Lingua: | inglese |
| Tags: |
Nessun Tag, puoi essere il primo ad aggiungerne!!
|
MARC
| LEADER | 00000naa$a2200000$$$4500 | ||
|---|---|---|---|
| 001 | 0198061 | ||
| 005 | 20240502073338.8 | ||
| 041 | 0 | |a eng | |
| 044 | |a SK | ||
| 245 | 1 | 0 | |a <The> Practical contribution of information systems in times of globalization |c Monika Tomčíková, Peter Živčák |
| 500 | |a GAMA 11/11 | ||
| 100 | 1 | |a Tomčíková, Monika | |
| 700 | 1 | |a Živčák, Peter | |